Una Sugestiva aportación al Congreso Eucarístico : en el Palacio de la Diputación fué representado un auto sacramental en honor del Cardenal Legado de Su Santidad en el Palacio de la Diputación fué representado un auto sacramental en honor del Cardenal Legado de Su Santidad
Descripción Física:
Il·lustracions
Colección:
San Jorge,
; núm. 7 (juliol 1952), pàg 30-32
Materias:
Tedeschini, Federico, -- 1873-1959
; Palau de la Generalitat de Catalunya
; Barcelona (Catalunya : Província). -- Diputació
; Actes i misteris
Idioma:
Español
MARC
| LEADER | 00000naa a2200000 a 4500 | ||
|---|---|---|---|
| 003 | Arxiu | ||
| 005 | 20260324181035.0 | ||
| 008 | 160829s1952 spc xx s spa c | ||
| 040 | |a agdb | ||
| 245 | 0 | 4 | |a Una Sugestiva aportación al Congreso Eucarístico : |b en el Palacio de la Diputación fué representado un auto sacramental en honor del Cardenal Legado de Su Santidad |
| 300 | |b Il·lustracions | ||
| 490 | |a San Jorge, |v núm. 7 (juliol 1952), pàg 30-32 | ||
| 600 | 1 | 0 | |a Tedeschini, Federico, |d 1873-1959 |9 54698 |
| 610 | 2 | 0 | |a Palau de la Generalitat de Catalunya |9 53043 |
| 610 | 1 | 0 | |a Barcelona (Catalunya : Província). |b Diputació |9 52408 |
| 650 | 0 | |a Actes i misteris |9 54700 | |
| 773 | |g núm. 7 (juliol 1952), pàg 30-32 |t San Jorge. | ||
| 901 | |a Arxiu | ||
| 942 | |n 1 |2 udc |c ART | ||
| 952 | |0 0 |1 0 |4 0 |7 1 |9 64251 |a Arxiu |b Arxiu |d 2022-11-21 |o Rev-508 |r 2022-11-21 00:00:00 |w 2022-11-21 |y ARXIU |z També disponible a Rev-521 | ||
| 999 | |c 48222 |d 48222 | ||